Bear with me mother : (Record no. 61077)

MARC details
000 -LEADER
fixed length control field 00871nam a22002297a 4500
005 - DATE AND TIME OF LATEST TRANSACTION
control field 2012011804114.0
008 - FIXED-LENGTH DATA ELEMENTS--GENERAL INFORMATION
fixed length control field 120118t xxu||||| |||| 00| 0 eng d
010 ## - LCCN (DPL NO)
LC control number ENG-104759
020 ## - INTERNATIONAL STANDARD BOOK NUMBER
International Standard Book Number 9788130909608
Terms of availability 295.00
035 ## - SYSTEM CONTROL NUMBER
System control number EN-88292
037 ## - SOURCE OF ACQUISITION
Source of stock number/acquisition DBAD/PUB
040 ## - CATALOGING SOURCE
Original cataloging agency DPL
Language of cataloging Eng
082 ## - DEWEY DECIMAL CLASSIFICATION NUMBER
Classification number 883.092
100 ## - MAIN ENTRY--PERSONAL NAME
Personal name Vasudevan Nair, M. T.
9 (RLIN) 39415
Dates associated with a name 1934-
245 ## - TITLE STATEMENT
Title Bear with me mother :
Remainder of title memoirs and stories /
Statement of responsibility, etc by M.T. Vasudevan Nair ; translated by Gita Krishnakutty
260 ## - PUBLICATION, DISTRIBUTION, ETC. (IMPRINT)
Place of publication, distribution, etc New Delhi
Name of publisher, distributor, etc Viva Books
Date of publication, distribution, etc 2010
270 ## - ADDRESS
Address 4737/23, Ansari Road
City New Delhi
Postal code 110002
300 ## - PHYSICAL DESCRIPTION
Extent 342p :
Dimensions 23cm(pbk)
700 ## - ADDED ENTRY--PERSONAL NAME
Personal name Krishnakutty,Gita
9 (RLIN) 39425
942 ## - ADDED ENTRY ELEMENTS (KOHA)
Source of classification or shelving scheme Dewey Decimal Classification
Item type English Books
Classification part 883.092
Call number suffix VAS
Holdings
Withdrawn status Lost status Source of classification or shelving scheme Damaged status Not for loan Collection code Home library Current library Date acquired Source of acquisition Cost, normal purchase price Total Checkouts Full call number Barcode Date last seen Copy number Cost, replacement price Koha item type
    Dewey Decimal Classification   Not For Loan Non-fiction D.B.Act.Division D.B.Act.Division 18/01/2012 DBAD/PUB 295.00   883.092 VAS EN-88292 18/01/2012 1 295.00 English Books

© Delhi Public Library
Hit Counter
free hit counter